[Event "WYCC U14 Open 2019"]
[Site "Mumbai"]
[Date "2019.10.09"]
[Round "8.11"]
[White "Jain Kashish Manoj"]
[Black "Tadic, Stefan"]
[Result "1-0"]
[WhiteElo "1930"]
[BlackElo "2295"]
[Annotator "ChessBase"]
[PlyCount "103"]
[EventDate "2019.10.02"]
[EventType "swiss"]
[EventCountry "IND"]
[SourceTitle "playchess.com"]
[Source "ChessBase"]
[SourceQuality "1"]
[TimeControl "40/5400+30:1800+30"]

1. Nf3 {[%emt 0:00:00]} c5 {[%emt 0:00:00]} 2. g3 {[%emt 0:00:00]} Nc6 {[%emt 0:00:00]} 3. Bg2 {[%emt 0:00:04]} g6 {[%emt 0:00:00]} 4. O-O {[%emt 0:00:27]} Bg7 {[%emt 0:00:00]} 5. c4 {[%emt 0:00:36]} d6 {[%emt 0:00:30]} 6. Nc3 {[%emt 0:00:34]} Nf6 {[%emt 0:01:24]} 7. d4 {[%emt 0:00:36]} cxd4 {[%emt 0:00:04]} 8. Nxd4 {[%emt 0:00:05]} Bd7 {[%emt 0:00:04]} 9. b3 {[%emt 0:05:26]} h5 {[%emt 0:01:22]} 10. Bb2 {[%emt 0:02:34]} h4 {[%emt 0:01:26]} 11. Nd5 {[%emt 0:07:01]} hxg3 {[%emt 0:04:23]} 12. hxg3 {[%emt 0:04:04]} Ne5 {[%emt 0:02:28]} 13. Nxf6+ {[%emt 0:13:04]} Bxf6 {[%emt 0:00:50]} 14. Bxb7 {[%emt 0:01:34]} Rb8 {[%emt 0:12:49]} 15. Bd5 {[%emt 0:02:11]} e6 {[%emt 0:24:18]} 16. Bg2 {[%emt 0:03:10]} Nxc4 {[%emt 0:01:03]} 17. Bc3 {[%emt 0:00:16]} Ne5 {[%emt 0:00:50]} 18. Qd2 {[%emt 0:08:48]} O-O {[%emt 0:17:47]} 19. Rac1 {[%emt 0:11:32]} Qb6 {[%emt 0:04:03]} 20. Nf3 {[%emt 0:02:47]} Nxf3+ {[%emt 0:08:46]} 21. Bxf3 {[%emt 0:00:32]} Bxc3 {[%emt 0:00:23]} 22. Rxc3 {[%emt 0:00:06]} Rfc8 {[%emt 0:01:55]} 23. Rd3 {[%emt 0:06:21]} d5 {[%emt 0:01:09]} 24. Kg2 {[%emt 0:01:18]} Kg7 {[%emt 0:05:45]} 25. Rh1 {[%emt 0:08:40]} Rh8 {[%emt 0:00:04]} 26. Rxh8 {[%emt 0:02:09]} Rxh8 {[%emt 0:00:05]} 27. e4 {[%emt 0:00:49]} Bb5 {[%emt 0:01:58]} 28. Qc3+ {[%emt 0:01:59]} f6 {[%emt 0:01:41]} 29. Rd1 {[%emt 0:01:37]} dxe4 {[%emt 0:03:09]} 30. Bxe4 {[%emt 0:00:08]} Rd8 {[%emt 0:03:35]} 31. Rxd8 {[%emt 0:04:15]} Qxd8 {[%emt 0:00:01]} 32. Qc5 {[%emt 0:00:09]} Qd7 33. a4 {[%emt 0:00:15]} Be2 {[%emt 0:03:08]} 34. b4 {[%emt 0:00:54]} f5 {[%emt 0:01:05]} 35. Bc6 {[%emt 0:08:13]} Qc7 {[%emt 0:00:03]} 36. f4 {[%emt 0:02:26]} g5 {[%emt 0:01:09]} 37. Kf2 {[%emt 0:01:20]} Bh5 {[%emt 0:00:21]} 38. fxg5 {[%emt 0:02:26]} e5 {[%emt 0:00:28]} 39. b5 {[%emt 0:00:25]} Be8 {[%emt 0:00:39]} 40. Qd5 {[%emt 0:00:30]} Bf7 {[%emt 0:00:18]} 41. Qd7 {[%emt 0:02:22]} Qxd7 {[%emt 0:25:17]} 42. Bxd7 {[%emt 0:00:02]} Kg6 {[%emt 0:00:05]} 43. a5 {[%emt 0:05:15]} Bc4 {[%emt 0:00:09]} 44. a6 {[%emt 0:06:26]} Kxg5 {[%emt 0:01:53]} 45. Kf3 {[%emt 0:04:32]} f4 {[%emt 0:03:26]} 46. gxf4+ {[%emt 0:05:36]} exf4 {[%emt 0:00:08]} 47. Ke4 {[%emt 0:00:06]} f3 {[%emt 0:01:30]} 48. Kxf3 {[%emt 0:01:42]} Kf6 {[%emt 0:00:23]} 49. b6 {[%emt 0:00:53]} axb6 {[%emt 0:01:41]} 50. a7 {[%emt 0:00:07]} Bd5+ {[%emt 0:00:03]} 51. Ke3 {[%emt 0:00:06]} Ke5 {[%emt 0:01:29]} 52. Bg4 {[%emt 0:00:08]} 1-0

[Event "WYCC U14 Open 2019"]
[Site "Mumbai"]
[Date "2019.10.09"]
[Round "8.12"]
[White "Dhrupad Kashyap"]
[Black "Kolay, Alex"]
[Result "*"]
[WhiteElo "2000"]
[BlackElo "2164"]
[Annotator "ChessBase"]
[PlyCount "57"]
[EventDate "2019.10.02"]
[EventType "swiss"]
[EventCountry "IND"]
[SourceTitle "playchess.com"]
[Source "ChessBase"]
[SourceQuality "1"]
[TimeControl "40/5400+30:1800+30"]

1. e4 {[%emt 0:00:00]} e5 {[%emt 0:00:00]} 2. Nf3 {[%emt 0:00:20]} Nc6 {[%emt 0:00:00]} 3. Bb5 {[%emt 0:02:16]} a6 {[%emt 0:00:00]} 4. Ba4 {[%emt 0:00:28]} Nf6 {[%emt 0:00:02]} 5. O-O {[%emt 0:00:22]} Be7 {[%emt 0:00:08]} 6. Re1 {[%emt 0:01:41]} b5 {[%emt 0:00:11]} 7. Bb3 {[%emt 0:00:04]} d6 {[%emt 0:00:08]} 8. c3 {[%emt 0:04:18]} O-O {[%emt 0:00:16]} 9. h3 {[%emt 0:00:27]} Nb8 {[%emt 0:00:11]} 10. d4 {[%emt 0:01:33]} Nbd7 {[%emt 0:00:07]} 11. Nbd2 {[%emt 0:00:15]} Bb7 {[%emt 0:00:11]} 12. Bc2 {[%emt 0:02:56]} Re8 {[%emt 0:00:24]} 13. Nf1 {[%emt 0:00:05]} Bf8 {[%emt 0:00:35]} 14. Ng3 {[%emt 0:00:10]} g6 {[%emt 0:00:31]} 15. b3 {[%emt 0:06:21]} Bg7 {[%emt 0:03:44]} 16. d5 {[%emt 0:09:52]} Rc8 {[%emt 0:00:25]} 17. c4 {[%emt 0:06:27]} c6 {[%emt 0:04:40]} 18. Bd2 {[%emt 0:11:20]} Qc7 {[%emt 0:13:53]} 19. Rc1 {[%emt 0:05:15]} c5 {[%emt 0:03:02]} 20. Bd3 {[%emt 0:03:28]} b4 {[%emt 0:07:41]} 21. a3 {[%emt 0:02:47]} a5 {[%emt 0:00:33]} 22. a4 {[%emt 0:00:08]} Kh8 {[%emt 0:01:30]} 23. h4 {[%emt 0:03:43]} Ng8 {[%emt 0:09:11]} 24. h5 {[%emt 0:00:53]} Nf8 {[%emt 0:03:03]} 25. Nh2 {[%emt 0:01:59]} Qe7 {[%emt 0:02:03]} 26. Ng4 {[%emt 0:02:25]} Qh4 {[%emt 0:00:29]} 27. Qf3 {[%emt 0:04:27]} Rc7 {[%emt 0:00:32]} 28. h6 {[%emt 0:05:21]} Bf6 {[%emt 0:04:22]} 29. Nf1 {[%emt 0:02:13]} *

[Event "WYCC U14 Open 2019"]
[Site "Mumbai"]
[Date "2019.10.09"]
[Round "8.12"]
[White "Dhrupad Kashyap"]
[Black "Kolay, Alex"]
[Result "0-1"]
[WhiteElo "2000"]
[BlackElo "2164"]
[Annotator "ChessBase"]
[PlyCount "126"]
[EventDate "2019.10.02"]
[EventType "swiss"]
[EventCountry "IND"]
[SourceTitle "playchess.com"]
[Source "ChessBase"]
[SourceQuality "1"]
[TimeControl "40/5400+30:1800+30"]

1. e4 {[%emt 0:00:00]} e5 {[%emt 0:00:00]} 2. Nf3 {[%emt 0:00:20]} Nc6 {[%emt 0:00:00]} 3. Bb5 {[%emt 0:02:16]} a6 {[%emt 0:00:00]} 4. Ba4 {[%emt 0:00:28]} Nf6 {[%emt 0:00:02]} 5. O-O {[%emt 0:00:22]} Be7 {[%emt 0:00:08]} 6. Re1 {[%emt 0:01:41]} b5 {[%emt 0:00:11]} 7. Bb3 {[%emt 0:00:04]} d6 {[%emt 0:00:08]} 8. c3 {[%emt 0:04:18]} O-O {[%emt 0:00:16]} 9. h3 {[%emt 0:00:27]} Nb8 {[%emt 0:00:11]} 10. d4 {[%emt 0:01:33]} Nbd7 {[%emt 0:00:07]} 11. Nbd2 {[%emt 0:00:15]} Bb7 {[%emt 0:00:11]} 12. Bc2 {[%emt 0:02:56]} Re8 {[%emt 0:00:24]} 13. Nf1 {[%emt 0:00:05]} Bf8 {[%emt 0:00:35]} 14. Ng3 {[%emt 0:00:10]} g6 {[%emt 0:00:31]} 15. b3 {[%emt 0:06:21]} Bg7 {[%emt 0:03:44]} 16. d5 {[%emt 0:09:52]} Rc8 {[%emt 0:00:25]} 17. c4 {[%emt 0:06:27]} c6 {[%emt 0:04:40]} 18. Bd2 {[%emt 0:11:20]} Qc7 {[%emt 0:13:53]} 19. Rc1 {[%emt 0:05:15]} c5 {[%emt 0:03:02]} 20. Bd3 {[%emt 0:03:28]} b4 {[%emt 0:07:41]} 21. a3 {[%emt 0:02:47]} a5 {[%emt 0:00:33]} 22. a4 {[%emt 0:00:08]} Kh8 {[%emt 0:01:30]} 23. h4 {[%emt 0:03:43]} Ng8 {[%emt 0:09:11]} 24. h5 {[%emt 0:00:53]} Nf8 {[%emt 0:03:03]} 25. Nh2 {[%emt 0:01:59]} Qe7 {[%emt 0:02:03]} 26. Ng4 {[%emt 0:02:25]} Qh4 {[%emt 0:00:29]} 27. Qf3 {[%emt 0:04:27]} Rc7 {[%emt 0:00:32]} 28. h6 {[%emt 0:05:21]} Bf6 {[%emt 0:04:22]} 29. Nxf6 {[%emt 0:00:56]} Nxf6 {[%emt 0:00:47]} 30. Nf1 {[%emt 0:01:47]} Ng8 {[%emt 0:06:15]} 31. Qe3 {[%emt 0:07:52]} Bc8 {[%emt 0:01:56]} 32. Nh2 {[%emt 0:03:46]} f5 {[%emt 0:30:26]} 33. Qg5 {[%emt 0:01:07]} Qxg5 {[%emt 0:00:07]} 34. Bxg5 {[%emt 0:00:04]} Rf7 {[%emt 0:00:25]} 35. g3 {[%emt 0:03:29]} Nf6 {[%emt 0:01:07]} 36. exf5 {[%emt 0:01:14]} gxf5 {[%emt 0:01:03]} 37. f4 {[%emt 0:00:17]} Ng6 {[%emt 0:01:11]} 38. Bc2 {[%emt 0:02:41]} Nh5 {[%emt 0:01:57]} 39. Kf2 {[%emt 0:01:24]} Rg8 {[%emt 0:01:00]} 40. Bd1 {[%emt 0:02:04]} Nxg3 {[%emt 0:00:42]} 41. Kxg3 {[%emt 0:32:09]} Nxf4 {[%emt 0:30:07]} 42. Nf3 {[%emt 0:01:05]} Nd3 {[%emt 0:00:09]} 43. Kh4 {[%emt 0:00:51]} e4 {[%emt 0:02:29]} 44. Bc2 {[%emt 0:00:03]} Nxc1 {[%emt 0:00:35]} 45. Bxc1 {[%emt 0:00:25]} Rg2 {[%emt 0:00:00]} 46. Ng5 {[%emt 0:00:00]} Rf8 {[%emt 0:00:00]} 47. Bd1 {[%emt 0:00:00]} f4 {[%emt 0:00:00]} 48. Nxe4 {[%emt 0:00:00]} f3 {[%emt 0:00:00]} 49. Ng3 {[%emt 0:00:00]} Rg8 {[%emt 0:00:00]} 50. Nf1 {[%emt 0:00:00]} R8g4+ {[%emt 0:01:51]} 51. Kh5 {[%emt 0:00:00]} Bf5 {[%emt 0:00:07]} 52. Re8+ {[%emt 0:00:00]} Rg8 {[%emt 0:00:04]} 53. Rxg8+ {[%emt 0:00:00]} Kxg8 {[%emt 0:00:11]} 54. Bxf3 {[%emt 0:00:00]} Rg1 {[%emt 0:01:19]} 55. Be2 {[%emt 0:00:00]} Bh3 {[%emt 0:00:17]} 56. Be3 {[%emt 0:00:00]} Bxf1 57. Bxg1 {[%emt 0:00:00]} Bxe2+ {[%emt 0:01:24]} 58. Kg5 {[%emt 0:00:00]} Kf7 {[%emt 0:00:06]} 59. Kf4 {[%emt 0:00:00]} Bd1 {[%emt 0:00:04]} 60. Ke4 {[%emt 0:00:00]} Bc2+ {[%emt 0:00:27]} 61. Ke3 {[%emt 0:00:00]} Bxb3 {[%emt 0:00:04]} 62. Kd3 {[%emt 0:00:00]} Bxa4 {[%emt 0:00:06]} 63. Bh2 {[%emt 0:00:00]} Ke7 {[%emt 0:00:07] Kd4} 0-1

[Event "WYCC U14 Open 2019"]
[Site "Mumbai"]
[Date "2019.10.09"]
[Round "8.13"]
[White "Sun, Jiajun B"]
[Black "Aaryan Varshney"]
[Result "1/2-1/2"]
[WhiteElo "1977"]
[BlackElo "2239"]
[Annotator "TA"]
[PlyCount "72"]
[EventDate "2019.10.02"]
[EventType "swiss"]
[EventCountry "IND"]
[SourceTitle "playchess.com"]
[Source "ChessBase"]
[SourceQuality "1"]

{[%evp 21,72,18,27,7,36,41,33,35,16,18,26,0,0,0,13,-37,0,-59,0,-13,-20,-25,-20,-28,-19,-27,-27,-27,-27,-27,-18,-22,-19,-37,-21,-39,-16,-44,-11,-10,-10,-10,-11,-19,0,0,0,0,0,0,0,0,5]} 1. e4 c5 2. Nf3 d6 3. d4 cxd4 4. Nxd4 Nf6 5. f3 e5 6. Nb3 Be6 7. Nc3 Be7 8. Be3 a6 9. Qd2 O-O 10. O-O-O Nbd7 11. g4 b5 12. Rg1 {B90: Sicilian Najdorf: Unusual White 6th moves, 6 Be3 Ng4 and 6 Be3 e5} (12. g5 b4 13. Ne2 Nh5 14. Ng3 Nf4 15. h4 a5 16. Kb1 a4 17. Nc1 b3 18. cxb3 axb3 19. a3 Qc7 20. Bxf4 exf4 {1-0 (49) Dominguez Perez,L (2763)-Vachier Lagrave,M (2778) Saint Louis 2019}) 12... b4 13. Nd5 Bxd5 $1 14. exd5 {White is slightly better.} a5 {[%cal Ba6a5,Ba5a4][%mdl 32] Threatens to win with ...a4.} 15. g5 Nh5 16. Kb1 Qb8 {[#]} 17. Qd3 $146 ({Predecessor:} 17. Nc1 Qb7 18. Ne2 g6 19. Ng3 Nf4 20. Bxf4 exf4 21. Qxf4 {½-½ (45) Svacek,P (2525)-Noble,M (2574) ICCF email 2011}) 17... a4 18. Nc1 Ra5 19. Bh3 (19. Qd2 $11) 19... Nc5 (19... Nb6 $1 $15 20. Qe4 Qc7) 20. Qc4 b3 21. cxb3 axb3 22. Nxb3 Ra4 23. Qc3 {[%cal Rb3c5]} Nxb3 $1 24. Qxb3 Qxb3 25. axb3 Rb4 26. Rd3 Rfb8 27. Kc2 Rh4 28. Bd7 Rxh2+ 29. Rd2 Rxd2+ (29... Rh4 {is more complex.} 30. Ra1 Rhb4 31. Ra3 Nf4 32. Kc3 R4b7) 30. Bxd2 {The position is equal.} Nf4 31. Bxf4 $1 exf4 $11 {KRB-KRB} 32. Rg4 Kf8 33. Kc3 h6 34. gxh6 Bf6+ 35. Kc2 gxh6 36. Rxf4 Ke7 {Accuracy: White = 55%, Black = 55%.} 1/2-1/2

[Event "WYCC U14 Open 2019"]
[Site "Mumbai"]
[Date "2019.10.09"]
[Round "8.14"]
[White "Laux, Dominik"]
[Black "Arhan Chethan Anand"]
[Result "1-0"]
[WhiteElo "2015"]
[BlackElo "2167"]
[Annotator "ChessBase"]
[PlyCount "137"]
[EventDate "2019.10.02"]
[EventType "swiss"]
[EventCountry "IND"]
[SourceTitle "playchess.com"]
[Source "ChessBase"]
[SourceQuality "1"]
[TimeControl "40/5400+30:1800+30"]

1. d4 {[%emt 0:00:00]} d5 {[%emt 0:00:00]} 2. c4 {[%emt 0:00:26]} e6 {[%emt 0:00:00]} 3. Nc3 {[%emt 0:00:27]} Nf6 {[%emt 0:00:00]} 4. cxd5 {[%emt 0:01:01]} exd5 {[%emt 0:00:03]} 5. Bg5 {[%emt 0:00:21]} c6 {[%emt 0:00:07]} 6. e3 {[%emt 0:00:41]} Be7 {[%emt 0:00:09]} 7. Bd3 {[%emt 0:01:00]} Nbd7 {[%emt 0:00:12]} 8. Qc2 {[%emt 0:00:49]} h6 {[%emt 0:00:10]} 9. Bh4 {[%emt 0:00:08]} Nh5 {[%emt 0:00:07]} 10. Bxe7 {[%emt 0:00:44]} Qxe7 {[%emt 0:00:07]} 11. O-O-O {[%emt 0:00:32]} Nb6 {[%emt 0:00:21]} 12. Kb1 {[%emt 0:01:00]} Be6 {[%emt 0:00:08]} 13. Rc1 {[%emt 0:01:08]} O-O-O {[%emt 0:00:31]} 14. Nf3 {[%emt 0:01:55]} Kb8 {[%emt 0:00:10]} 15. Na4 {[%emt 0:01:33]} Nxa4 {[%emt 0:00:09]} 16. Qxa4 {[%emt 0:00:05]} Nf6 {[%emt 0:00:13]} 17. Rc3 {[%emt 0:00:29]} Ne8 {[%emt 0:06:15]} 18. Ne5 {[%emt 0:08:56]} Rc8 {[%emt 0:02:32]} 19. Ra3 {[%emt 0:07:20]} b5 {[%emt 0:03:45]} 20. Qa6 {[%emt 0:02:49]} Qb7 {[%emt 0:04:19]} 21. Rc1 {[%emt 0:01:46]} Qxa6 {[%emt 0:04:00]} 22. Rxa6 {[%emt 0:00:02]} Kb7 {[%emt 0:01:11]} 23. Raxc6 {[%emt 0:02:03]} Rxc6 {[%emt 0:00:22]} 24. Rxc6 {[%emt 0:04:32]} Nc7 {[%emt 0:01:06]} 25. Rc5 {[%emt 0:03:45]} a6 {[%emt 0:02:00]} 26. f4 {[%emt 0:05:47]} f6 {[%emt 0:03:44]} 27. Ng6 {[%emt 0:01:43]} Re8 {[%emt 0:06:26]} 28. Kc1 {[%emt 0:01:21]} Bd7 {[%emt 0:05:33]} 29. Kd2 {[%emt 0:01:03]} a5 {[%emt 0:02:19]} 30. f5 {[%emt 0:05:45]} Bc6 {[%emt 0:05:54]} 31. Nf4 {[%emt 0:02:46]} Re7 {[%emt 0:03:24]} 32. g4 {[%emt 0:05:31]} Re8 {[%emt 0:02:47]} 33. h4 {[%emt 0:02:31]} Re7 {[%emt 0:01:02]} 34. Be2 {[%emt 0:03:16]} Na6 35. Rc1 {[%emt 0:01:09]} Nc7 {[%emt 0:00:49]} 36. Bf3 {[%emt 0:02:06]} Re8 {[%emt 0:00:45]} 37. Rg1 {[%emt 0:03:03]} Re7 {[%emt 0:04:08]} 38. Rc1 {[%emt 0:06:44]} Re8 {[%emt 0:01:29]} 39. Bg2 {[%emt 0:01:29]} Kb6 {[%emt 0:01:54]} 40. Rc5 {[%emt 0:01:29]} Rd8 {[%emt 0:00:46]} 41. Ke2 {[%emt 0:33:15]} b4 {[%emt 0:31:05]} 42. Ne6 {[%emt 0:05:09]} Nxe6 {[%emt 0:00:45]} 43. fxe6 {[%emt 0:00:02]} Re8 {[%emt 0:01:31]} 44. Bxd5 {[%emt 0:01:05]} Bxd5 {[%emt 0:00:05]} 45. Rxd5 {[%emt 0:00:08]} Rxe6 {[%emt 0:00:02]} 46. Rd7 {[%emt 0:02:31]} g6 {[%emt 0:03:07]} 47. Rh7 {[%emt 0:04:52]} f5 {[%emt 0:00:20]} 48. gxf5 {[%emt 0:03:55]} gxf5 {[%emt 0:00:02]} 49. Rf7 {[%emt 0:00:43]} Rc6 {[%emt 0:00:34]} 50. Kd3 {[%emt 0:03:08]} Rc1 {[%emt 0:01:28]} 51. Rf6+ {[%emt 0:00:00]} Kb5 {[%emt 0:00:00]} 52. Rxf5+ {[%emt 0:00:00]} Kb6 {[%emt 0:00:00]} 53. a3 {[%emt 0:00:00]} bxa3 {[%emt 0:00:00]} 54. bxa3 {[%emt 0:00:00]} Ra1 {[%emt 0:00:00]} 55. Kc4 {[%emt 0:00:00]} Rxa3 {[%emt 0:00:00]} 56. Rf6+ {[%emt 0:00:00]} Kc7 {[%emt 0:00:00]} 57. e4 {[%emt 0:00:00]} Ra1 {[%emt 0:00:00]} 58. Rxh6 {[%emt 0:00:00]} a4 {[%emt 0:00:00]} 59. Kd5 {[%emt 0:00:00]} a3 {[%emt 0:00:00]} 60. Ra6 {[%emt 0:00:00]} a2 {[%emt 0:00:00]} 61. e5 {[%emt 0:00:00]} Kb7 {[%emt 0:00:00]} 62. Ra3 {[%emt 0:00:00]} Kc7 {[%emt 0:00:00]} 63. h5 {[%emt 0:00:00]} Rh1 {[%emt 0:00:00]} 64. Rxa2 {[%emt 0:00:00]} Rxh5 {[%emt 0:00:00]} 65. Ra7+ {[%emt 0:00:00]} Kd8 {[%emt 0:00:00]} 66. Kd6 {[%emt 0:00:00]} Ke8 {[%emt 0:00:00]} 67. e6 {[%emt 0:00:00]} Kf8 {[%emt 0:00:00]} 68. Ra8+ {[%emt 0:00:00]} Kg7 {[%emt 0:00:00]} 69. e7 {[%emt 0:00:00]} 1-0

[Event "WYCC U14 Open 2019"]
[Site "Mumbai"]
[Date "2019.10.09"]
[Round "8.15"]
[White "Sahakyan, Aleks"]
[Black "Colbow, Collin"]
[Result "1/2-1/2"]
[WhiteElo "1991"]
[BlackElo "2148"]
[Annotator "ChessBase"]
[PlyCount "173"]
[EventDate "2019.10.02"]
[EventType "swiss"]
[EventCountry "IND"]
[SourceTitle "playchess.com"]
[Source "ChessBase"]
[SourceQuality "1"]
[TimeControl "40/5400+30:1800+30"]

1. e4 {[%emt 0:00:00]} c5 {[%emt 0:00:00]} 2. Nf3 {[%emt 0:00:00]} d6 {[%emt 0:00:00]} 3. d4 {[%emt 0:00:00]} cxd4 {[%emt 0:00:00]} 4. Nxd4 {[%emt 0:00:00]} Nf6 {[%emt 0:00:06]} 5. Nc3 {[%emt 0:00:00]} Nc6 {[%emt 0:00:08]} 6. Bg5 {[%emt 0:00:00]} e6 {[%emt 0:00:17]} 7. Qd2 {[%emt 0:00:28]} a6 {[%emt 0:00:13]} 8. O-O-O {[%emt 0:01:14]} Be7 {[%emt 0:00:26]} 9. Bxf6 {[%emt 0:06:19]} gxf6 {[%emt 0:01:26]} 10. f4 {[%emt 0:02:32]} Nxd4 {[%emt 0:02:42]} 11. Qxd4 {[%emt 0:00:14]} b5 {[%emt 0:00:03]} 12. f5 {[%emt 0:12:29]} Qc7 {[%emt 0:02:01]} 13. fxe6 {[%emt 0:06:05]} fxe6 {[%emt 0:01:24]} 14. Be2 {[%emt 0:04:59]} Qc5 {[%emt 0:00:35]} 15. Qxc5 {[%emt 0:03:57]} dxc5 {[%emt 0:00:10]} 16. Bh5+ {[%emt 0:00:44]} Kf8 {[%emt 0:00:07]} 17. e5 {[%emt 0:01:26]} f5 {[%emt 0:00:28]} 18. g4 {[%emt 0:01:26]} Ra7 {[%emt 0:01:23]} 19. Rdf1 {[%emt 0:11:13]} Bg5+ {[%emt 0:12:53]} 20. Kb1 {[%emt 0:03:32]} Ke7 {[%emt 0:13:33]} 21. gxf5 {[%emt 0:05:49]} exf5 {[%emt 0:01:10]} 22. Rhg1 {[%emt 0:00:10]} Bh6 {[%emt 0:02:52]} 23. Ne4 {[%emt 0:00:58]} Rc7 {[%emt 0:03:43]} 24. Nf6 {[%emt 0:08:49]} Be6 {[%emt 0:00:42]} 25. Bf3 {[%emt 0:05:21]} Rcc8 {[%emt 0:05:37]} 26. Bb7 {[%emt 0:01:37]} Rb8 {[%emt 0:09:03]} 27. Bc6 {[%emt 0:05:43]} Rbd8 {[%emt 0:01:30]} 28. Rf3 {[%emt 0:04:06]} Bg5 {[%emt 0:02:03]} 29. Ra3 {[%emt 0:04:33]} Bxf6 {[%emt 0:04:03]} 30. exf6+ {[%emt 0:00:01]} Kxf6 {[%emt 0:00:12]} 31. Rxa6 {[%emt 0:00:02]} Rd6 {[%emt 0:05:52]} 32. Bxb5 {[%emt 0:01:18]} Rxa6 {[%emt 0:00:32]} 33. Bxa6 {[%emt 0:00:01]} Ra8 {[%emt 0:00:29]} 34. Bd3 {[%emt 0:02:22]} Bxa2+ {[%emt 0:01:06]} 35. Kc1 {[%emt 0:00:04]} Be6 {[%emt 0:02:12]} 36. Kd2 {[%emt 0:00:57]} Ra4 {[%emt 0:03:25]} 37. Ke3 {[%emt 0:03:17]} Rh4 {[%emt 0:01:00]} 38. Rg2 {[%emt 0:00:28]} Ke5 {[%emt 0:02:44]} 39. b3 {[%emt 0:01:12]} f4+ {[%emt 0:07:26]} 40. Kf2 {[%emt 0:03:47]} Kd4 {[%emt 0:07:56]} 41. Rg7 {[%emt 0:31:53]} h6 {[%emt 0:36:59]} 42. Kg2 {[%emt 0:01:19]} Bd5+ {[%emt 0:01:26]} 43. Kg1 {[%emt 0:00:08]} Bxb3 {[%emt 0:00:53]} 44. Rd7+ {[%emt 0:00:24]} Bd5 {[%emt 0:00:26]} 45. Be2 {[%emt 0:00:00]} Ke5 {[%emt 0:00:00]} 46. c4 {[%emt 0:00:00]} Be6 {[%emt 0:00:00]} 47. Re7 {[%emt 0:00:00]} Kd6 {[%emt 0:00:00]} 48. Ra7 {[%emt 0:00:00]} Bf5 {[%emt 0:00:00]} 49. Ra8 {[%emt 0:00:00]} Ke5 {[%emt 0:00:00]} 50. Rd8 {[%emt 0:00:00]} Be4 {[%emt 0:00:00]} 51. Bd3 {[%emt 0:00:00]} Rg4+ {[%emt 0:00:00]} 52. Kf1 {[%emt 0:00:00]} Bxd3+ {[%emt 0:00:00]} 53. Rxd3 {[%emt 0:00:00]} Ke4 {[%emt 0:00:00]} 54. Rd6 {[%emt 0:00:00]} Rh4 {[%emt 0:00:00]} 55. Rd5 {[%emt 0:00:00]} Rxh2 {[%emt 0:00:00]} 56. Rxc5 {[%emt 0:00:00]} Kf3 {[%emt 0:00:00]} 57. Kg1 {[%emt 0:00:00]} Rg2+ {[%emt 0:00:00]} 58. Kf1 {[%emt 0:00:00]} Rh2 {[%emt 0:00:00]} 59. Kg1 {[%emt 0:00:00]} Rc2 {[%emt 0:00:00]} 60. Rh5 {[%emt 0:00:00]} Rc1+ {[%emt 0:00:00]} 61. Kh2 {[%emt 0:00:00]} Rxc4 {[%emt 0:00:00]} 62. Rxh6 {[%emt 0:00:00]} Kf2 {[%emt 0:00:00]} 63. Ra6 {[%emt 0:00:00]} Re4 {[%emt 0:00:00]} 64. Ra2+ {[%emt 0:00:00]} Re2 {[%emt 0:00:00]} 65. Ra4 {[%emt 0:00:00]} f3 {[%emt 0:00:51]} 66. Ra1 {[%emt 0:00:00]} Re3 {[%emt 0:09:09]} 67. Rb1 {[%emt 0:00:14]} Re1 {[%emt 0:01:30]} 68. Rb2+ {[%emt 0:00:30]} Ke3 {[%emt 0:00:16]} 69. Rb3+ {[%emt 0:00:51]} Kf2 {[%emt 0:00:21]} 70. Rb2+ {[%emt 0:00:11]} Re2 {[%emt 0:00:35]} 71. Rb1 {[%emt 0:00:04]} Rd2 {[%emt 0:00:03]} 72. Ra1 {[%emt 0:01:12]} Rb2 {[%emt 0:00:08]} 73. Rc1 {[%emt 0:00:54]} Re2 {[%emt 0:00:57]} 74. Ra1 {[%emt 0:01:04]} Re1 {[%emt 0:00:09]} 75. Ra2+ {[%emt 0:00:08]} Ke3 {[%emt 0:00:52]} 76. Ra3+ {[%emt 0:00:07]} Kf4 {[%emt 0:00:21]} 77. Ra4+ {[%emt 0:00:43]} Re4 {[%emt 0:00:20]} 78. Ra8 {[%emt 0:01:54]} Re2+ {[%emt 0:01:21]} 79. Kg1 {[%emt 0:00:14]} Ke3 {[%emt 0:00:19]} 80. Kf1 {[%emt 0:00:29]} Rf2+ {[%emt 0:00:16]} 81. Ke1 {[%emt 0:00:16]} Rb2 {[%emt 0:00:30]} 82. Re8+ {[%emt 0:00:12]} Kf4 {[%emt 0:00:05]} 83. Kf1 {[%emt 0:00:15]} Rh2 {[%emt 0:00:43]} 84. Rf8+ {[%emt 0:00:05]} Ke3 {[%emt 0:00:05]} 85. Re8+ {[%emt 0:00:03]} Kd2 {[%emt 0:00:04]} 86. Rd8+ {[%emt 0:00:12]} Ke3 {[%emt 0:00:12]} 87. Re8+ {[%emt 0:00:04]} 1/2-1/2

[Event "WYCC U14 Open 2019"]
[Site "Mumbai"]
[Date "2019.10.09"]
[Round "8.16"]
[White "Pham, Khoi"]
[Black "Davtyan, Arsen"]
[Result "0-1"]
[WhiteElo "2121"]
[BlackElo "1942"]
[Annotator "ChessBase"]
[PlyCount "89"]
[EventDate "2019.10.02"]
[EventType "swiss"]
[EventCountry "IND"]
[SourceTitle "playchess.com"]
[Source "ChessBase"]
[SourceQuality "1"]
[TimeControl "40/5400+30:1800+30"]

1. d4 {[%emt 0:00:00]} Nf6 {[%emt 0:00:00]} 2. c4 {[%emt 0:00:00]} g6 {[%emt 0:00:00]} 3. Nc3 {[%emt 0:00:00]} Bg7 {[%emt 0:00:04]} 4. e4 {[%emt 0:00:00]} d6 {[%emt 0:00:06]} 5. h3 {[%emt 0:00:11]} O-O {[%emt 0:00:14]} 6. Be3 {[%emt 0:00:05]} c5 {[%emt 0:00:10]} 7. Nf3 {[%emt 0:00:16]} cxd4 {[%emt 0:00:33]} 8. Nxd4 {[%emt 0:00:14]} b6 {[%emt 0:00:06]} 9. Be2 {[%emt 0:09:57]} Bb7 {[%emt 0:01:11]} 10. Qc2 {[%emt 0:01:24]} Nbd7 {[%emt 0:02:08]} 11. O-O {[%emt 0:01:54]} Rc8 {[%emt 0:02:31]} 12. Rac1 {[%emt 0:16:10]} Qc7 {[%emt 0:09:28]} 13. Qb1 {[%emt 0:05:31]} Qb8 {[%emt 0:06:07]} 14. Rfd1 {[%emt 0:03:30]} Qa8 {[%emt 0:08:04]} 15. f3 {[%emt 0:02:25]} Rfe8 {[%emt 0:26:05]} 16. b4 {[%emt 0:07:35]} Qb8 {[%emt 0:11:30]} 17. Qb3 {[%emt 0:25:14]} a6 {[%emt 0:10:05]} 18. Na4 {[%emt 0:09:55]} e6 {[%emt 0:05:10]} 19. c5 {[%emt 0:02:41]} dxc5 {[%emt 0:08:03]} 20. bxc5 {[%emt 0:00:06]} Nxc5 {[%emt 0:01:19]} 21. Nxc5 {[%emt 0:00:34]} bxc5 {[%emt 0:00:13]} 22. Nc2 {[%emt 0:00:24]} Rc6 {[%emt 0:02:10]} 23. Rb1 {[%emt 0:02:02]} Re7 {[%emt 0:01:52]} 24. Na3 {[%emt 0:00:51]} Nh5 {[%emt 0:02:03]} 25. Nc4 {[%emt 0:03:21]} Bd4 {[%emt 0:01:19]} 26. Bxd4 {[%emt 0:01:06]} cxd4 {[%emt 0:00:01]} 27. Rxd4 {[%emt 0:01:39]} Qg3 {[%emt 0:01:32]} 28. Bf1 Nf4 {[%emt 0:01:02]} 29. Kh1 {[%emt 0:02:47]} Kg7 {[%emt 0:00:47]} 30. Rd8 {[%emt 0:03:25]} e5 {[%emt 0:00:29]} 31. Qb4 {[%emt 0:00:45]} Rce6 {[%emt 0:00:35]} 32. Qe1 {[%emt 0:00:35]} Qg5 {[%emt 0:00:27]} 33. Na5 {[%emt 0:00:55]} Nh5 {[%emt 0:00:34]} 34. Nxb7 {[%emt 0:00:26]} Rxb7 {[%emt 0:00:17]} 35. Rxb7 {[%emt 0:00:25]} Qxd8 {[%emt 0:00:02]} 36. Bc4 {[%emt 0:00:41]} Rf6 {[%emt 0:00:46]} 37. Bd5 {[%emt 0:00:41]} Nf4 {[%emt 0:00:47]} 38. Bb3 {[%emt 0:00:37]} Qc8 {[%emt 0:00:36]} 39. Re7 {[%emt 0:00:32]} Nxh3 {[%emt 0:00:30]} 40. Qg3 {[%emt 0:00:34]} Nf4 {[%emt 0:00:30]} 41. Kh2 {[%emt 0:11:57]} Qc5 {[%emt 0:03:50]} 42. Rd7 {[%emt 0:01:20]} Ne2 {[%emt 0:03:08]} 43. Qe1 {[%emt 0:01:20]} Qe3 {[%emt 0:00:17]} 44. g3 {[%emt 0:05:51]} Rxf3 {[%emt 0:00:12]} 45. Re7 0-1